[Event "Poznan op 27th"]
[Site "Poznan"]
[Date "2019.08.22"]
[Round "6"]
[White "Wojdak, Karol"]
[Black "Ciesielski, Marceli"]
[Result "0-1"]
[WhiteElo "1457"]
[BlackElo "1688"]
[PlyCount "80"]
[EventDate "2019.08.18"]
[EventType "swiss"]
[EventRounds "9"]
[EventCountry "POL"]
[SourceTitle "EXT 2020"]
[Source "ChessBase"]
[SourceDate "2019.10.17"]
[SourceVersion "1"]
[SourceVersionDate "2019.10.17"]
[SourceQuality "1"]

1. e4 c5 2. Nf3 d6 3. d4 cxd4 4. Nxd4 Nf6 5. Nc3 a6 6. Be2 e5 7. Nb3 Be7 8. Be3 0-0 9. f3 Be6 10. Qd2 Nbd7 11. 0-0 Qc7 12. Rac1 b5 13. Bd3 Rac8 14. Qf2 d5 15. exd5 Nxd5 16. Nxd5 Bxd5 17. Rfd1 Be6 18. a3 f5 19. Qe1 Bf6 20. Rb1 Rfe8 21. Bd2 g6 22. Bc3 Kg7 23. Qd2 Nb6 24. Ba5 Qc6 25. Bxb6 Qxb6+ 26. Kh1 Rcd8 27. Qa5 Qc6 28. Nd2 Bd5 29. Re1 e4 30. fxe4 fxe4 31. Bf1 e3 32. Nf3 Qxc2 33. Rec1 Qf2 34. Qc7+ Kg8 35. Rc2 e2 36. Bxe2 Rxe2 37. Rxe2 Qxe2 38. Re1 Bxf3 39. Rg1 Qxg2+ 40. Rxg2 Rd1# 0-1

[Event "World School-ch U17"]
[Site "Iasi"]
[Date "2017.04.27"]
[Round "6"]
[White "Hriscu, Alexandru Gabriel"]
[Black "Ciesielski, Marceli"]
[Result "1-0"]
[WhiteElo "1712"]
[BlackElo "1366"]
[PlyCount "73"]
[EventDate "2017.04.23"]
[EventType "swiss"]
[EventRounds "9"]
[EventCountry "ROU"]
[SourceTitle "CBM 178 Extra"]
[Source "ChessBase"]
[SourceDate "2017.06.22"]
[SourceVersion "1"]
[SourceVersionDate "2017.06.22"]
[SourceQuality "1"]

1. d4 d5 2. c4 e6 3. Nf3 Nf6 4. g3 Be7 5. Bg2 0-0 6. 0-0 dxc4 7. Ne5 Nbd7 8. Nxc4 c5 9. dxc5 Bxc5 10. Nc3 Nb6 11. Nd2 Nbd5 12. Nde4 Nxc3 13. Nxc3 Qe7 14. Qc2 Rb8 15. Bg5 Qc7 16. Rac1 Qa5 17. Bf4 e5 18. Bd2 Qa6 19. Ne4 Nxe4 20. Bxe4 Qxe2 21. Bxh7+ Kh8 22. Bd3 Qf3 23. Be4 Qe2 24. Rce1 Qb5 25. Bd3 Bxf2+ 26. Rxf2 Qd5 27. Re4 Rd8 28. Rh4+ Kg8 29. Bh7+ Kf8 30. Bb4+ Ke8 31. Bf5 Bxf5 32. Rh8+ Kd7 33. Qxf5+ Kc6 34. Qc2+ Kb6 35. Rxd8 Rxd8 36. Rd2 Qb5 37. Qc5+ 1-0

[Event "POL-chT U19 Wielkopolskie"]
[Site "Poland"]
[Date "2016.04.02"]
[Round "7.20"]
[White "Ciesielski, Marceli"]
[Black "Waszkowiak, Kinga"]
[Result "1/2-1/2"]
[WhiteElo "1169"]
[BlackElo "1022"]
[PlyCount "82"]
[EventDate "2016.02.13"]
[EventType "team-tourn"]
[EventRounds "9"]
[EventCountry "POL"]
[SourceTitle "EXT 2019"]
[Source "ChessBase"]
[SourceDate "2018.10.10"]
[SourceVersion "1"]
[SourceVersionDate "2018.10.10"]
[SourceQuality "1"]

1. d4 f5 2. c4 Nf6 3. Nc3 e6 4. Bg5 Bb4 5. Qc2 0-0 6. Nf3 b6 7. g3 Bb7 8. Bg2 d6 9. 0-0 Bxc3 10. Qxc3 Nbd7 11. e3 h6 12. Bxf6 Qxf6 13. Rfd1 Qe7 14. Nh4 Bxg2 15. Ng6 Qf7 16. Nxf8 Bf3 17. Nxd7 Bxd1 18. Nxb6 axb6 19. Rxd1 Rxa2 20. b4 Qh5 21. Ra1 Qe2 22. Rxa2 Qxa2 23. d5 e5 24. Kg2 Kf8 25. Qd3 e4 26. Qd4 Qa3 27. b5 Qc1 28. g4 fxg4 29. Qxe4 Qd1 30. Qf5+ Kg8 31. h3 gxh3+ 32. Qxh3 Qc2 33. Qc8+ Kh7 34. Qxc7 Qg6+ 35. Kf1 Qd3+ 36. Kg2 Qg6+ 37. Kf3 Qh5+ 38. Ke4 Qg6+ 39. Kd4 Qf6+ 40. Kd3 Qf5+ 41. Ke2 Qc2+ 1/2-1/2